000 00480nam a2200133Ia 4500
008 170221s9999 xx 000 0 und d
100 _aYanuar Rizky
245 _aTechnical Note: The Effect of The Fed’s Quantitative Easing Policy on the Performance of Listed Companies and the Banking Sector in Indonesia
245 _cYanuar Rizky
260 _c2015
300 _a6 : 1
650 _xBusiness
856 _uhttp://ro.uow.edu.au/cgi/viewcontent.cgi?article=1631&context=aabfj
999 _c313562
_d313562